[Event "Niedersachsen-ch B"]
[Site "Verden"]
[Date "2010.01.03"]
[Round "2.58"]
[White "Tautz, Felix"]
[Black "Schwenteck, Peter"]
[Result "0-1"]
[WhiteElo "1269"]
[BlackElo "1759"]
[PlyCount "56"]
[EventDate "2010.01.??"]
[EventType "swiss"]
[EventRounds "7"]
[EventCountry "GER"]
[SourceDate "2005.10.24"]

1. d4 d5 2. c4 e6 3. cxd5 exd5 4. Nf3 Bf5 5. g3 Nf6 6. Bg2 Nbd7 7. Nc3 c6 8. a3
Bd6 9. O-O O-O 10. b4 a6 11. e3 Ne4 12. Bd2 h6 13. Nh4 Nxc3 14. Bxc3 Bh7 15.
Bh3 Nf6 16. Nf3 Ne4 17. Qc1 Re8 18. Nd2 Ng5 19. Bg2 Qf6 20. f4 Ne6 21. Nb3 b6
22. Bd2 Rac8 23. Qe1 Bd3 24. Rf2 Bc4 25. Rb1 Bxb3 26. Rxb3 Nxd4 27. Bc3 c5 28.
Qd2 Nxb3 0-1

[Event "Niedersachsen-ch B"]
[Site "Verden"]
[Date "2010.01.03"]
[Round "2.59"]
[White "Grigorian, Spartak"]
[Black "Brandt, Volker"]
[Result "1-0"]
[WhiteElo "1762"]
[BlackElo "1322"]
[PlyCount "41"]
[EventDate "2010.01.??"]
[EventType "swiss"]
[EventRounds "7"]
[EventCountry "GER"]
[SourceDate "2005.10.24"]

1. e4 f6 2. d4 Kf7 3. f4 e6 4. Nf3 Ne7 5. Bd3 g6 6. O-O h6 7. b3 a6 8. Bb2 d5
9. c4 dxe4 10. Bxe4 c6 11. Qc2 Nd7 12. Nc3 f5 13. d5 Qb6+ 14. Kh1 Nf6 15. Na4
Qe3 16. Rae1 Qa7 17. Bxf6 Kxf6 18. Qc3+ Kf7 19. Qxh8 Bg7 20. Ne5+ Kf6 21. Qe8
1-0

[Event "Niedersachsen-ch B"]
[Site "Verden"]
[Date "2010.01.03"]
[Round "2.60"]
[White "Fischer, Manfred3 (1934)"]
[Black "Mayen, Paul"]
[Result "1-0"]
[WhiteElo "1946"]
[BlackElo "917"]
[PlyCount "77"]
[EventDate "2010.01.??"]
[EventType "swiss"]
[EventRounds "7"]
[EventCountry "GER"]
[SourceDate "2005.10.24"]

1. f4 Nc6 2. e4 e5 3. Nf3 d6 4. d4 Bg4 5. fxe5 dxe5 6. c3 Bxf3 7. Qxf3 exd4 8.
Bc4 Nf6 9. Bg5 Be7 10. Bb5 O-O 11. Bxc6 bxc6 12. O-O Bc5 13. Kh1 Be7 14. e5 Nd5
15. Bxe7 Qxe7 16. cxd4 Qe6 17. Nd2 Rab8 18. b3 Rb4 19. Nc4 Nb6 20. Qc3 {(=)}
Rb5 21. Rac1 Nd5 22. Qd3 Rd8 23. a3 c5 24. Nd6 Rb6 25. Nxf7 Rf8 26. Ng5 Rxf1+
27. Rxf1 Qg6 28. Qc4 c6 29. dxc5 Rb8 30. Nf3 Kh8 31. Re1 Rf8 32. e6 Nf4 33. g3
Nd5 34. e7 Re8 35. Qh4 Nf6 36. Ne5 Qf5 37. Nf7+ Kg8 38. Qc4 Nd5 39. Nd6 1-0

[Event "Niedersachsen-ch B"]
[Site "Verden"]
[Date "2010.01.03"]
[Round "2.61"]
[White "Petrov, Iouri"]
[Black "Aldegeerds, Julian"]
[Result "1/2-1/2"]
[WhiteElo "1443"]
[BlackElo "1378"]
[PlyCount "67"]
[EventDate "2010.01.??"]
[EventType "swiss"]
[EventRounds "7"]
[EventCountry "GER"]
[SourceDate "2005.10.24"]

1. d4 d5 2. Nf3 Nf6 3. Bf4 Bf5 4. e3 e6 5. Bd3 Bxd3 6. Qxd3 Bd6 7. Bg5 Nbd7 8.
Nbd2 c6 9. O-O Qc7 10. h3 h6 11. Bxf6 Nxf6 12. c4 O-O-O 13. cxd5 exd5 14. Rfe1
Rhe8 15. Re2 Kb8 16. Rae1 g6 17. e4 Bf4 18. e5 Bxd2 19. Qxd2 Ne4 20. Qxh6 Rh8
21. Qc1 Qc8 22. Ng5 Qf5 23. Nxe4 dxe4 24. Rxe4 Rh7 25. Qf4 Qe6 {(=)} 26. b3
Rdh8 27. Qf6 Rxh3 28. gxh3 Qxh3 29. Qxh8+ Qxh8 30. e6 fxe6 31. Rxe6 Qxd4 32.
Rxg6 Kc7 33. Re7+ Kb6 34. Rgg7 1/2-1/2

[Event "Niedersachsen-ch B"]
[Site "Verden"]
[Date "2010.01.03"]
[Round "2.62"]
[White "Schreiber, Justina"]
[Black "Hentrop, Malte"]
[Result "0-1"]
[WhiteElo "1404"]
[BlackElo "1665"]
[PlyCount "36"]
[EventDate "2010.01.??"]
[EventType "swiss"]
[EventRounds "7"]
[EventCountry "GER"]
[SourceDate "2005.10.24"]

1. e4 e5 2. Nf3 Nc6 3. Bc4 Bc5 4. Nc3 Nf6 5. d3 d6 6. Bg5 h6 7. Bh4 g5 8. Bg3
Bg4 9. Ne2 Qe7 10. Nd2 O-O-O 11. f3 Be6 12. Bxe6+ Qxe6 13. Nb3 Be3 14. Nc3 d5
15. exd5 Nxd5 16. Nxd5 Qxd5 17. Qe2 Nd4 18. Bf2 Nxe2 0-1

[Event "Niedersachsen-ch B"]
[Site "Verden"]
[Date "2010.01.03"]
[Round "2.63"]
[White "Oleskow, Jan Christian"]
[Black "Vonhoff, Nils"]
[Result "0-1"]
[WhiteElo "1157"]
[BlackElo "1772"]
[PlyCount "101"]
[EventDate "2010.01.??"]
[EventType "swiss"]
[EventRounds "7"]
[EventCountry "GER"]
[SourceDate "2005.10.24"]

1. e4 c5 2. Nf3 Nc6 3. d4 cxd4 4. Nxd4 Nf6 5. Nc3 e6 6. Bb5 Bb4 7. Nxc6 bxc6 8.
Bd3 Bxc3+ 9. bxc3 d5 10. Bg5 h6 11. Bh4 g5 12. Bg3 dxe4 13. Be2 Nd5 14. c4 Qa5+
15. Kf1 Nf6 16. c3 Qxc3 17. Bc7 Nd7 18. Rc1 Qf6 19. Qa4 e3 20. f3 Qb2 21. Qc2
Qb7 22. Ba5 Rb8 23. Qc3 f6 24. Qxe3 Kf7 25. c5 Ne5 26. Bc3 Ng6 27. Bd3 Qc7 28.
Qe4 Ne7 29. Qd4 e5 30. Bc4+ Be6 31. Bxe6+ Kxe6 32. Qc4+ Nd5 33. Kf2 Ke7 34. Rb1
Rxb1 35. Rxb1 Rb8 36. Rxb8 Qxb8 37. Bd2 Qb2 38. Ke2 Nf4+ 39. Ke3 Nxg2+ 40. Ke2
Nf4+ 41. Ke1 Qb1+ 42. Bc1 Qxc1+ 43. Qxc1 Nd3+ 44. Kd2 Nxc1 45. Kxc1 Ke6 46. Kd2
Kd5 47. Kc3 Kxc5 48. a4 a5 49. h3 Kd5 50. Kd3 c5 51. Kc3 0-1

[Event "Niedersachsen-ch B"]
[Site "Verden"]
[Date "2010.01.03"]
[Round "2.64"]
[White "Knobel, Dagmar"]
[Black "Vonhoff, Joerg"]
[Result "0-1"]
[WhiteElo "1150"]
[BlackElo "1711"]
[PlyCount "73"]
[EventDate "2010.01.??"]
[EventType "swiss"]
[EventRounds "7"]
[EventCountry "GER"]
[SourceDate "2005.10.24"]

1. d4 Nf6 2. c4 g6 3. Nf3 Bg7 4. e3 O-O 5. Bd3 d5 6. O-O b6 7. Nc3 Bb7 8. Re1
Nbd7 9. cxd5 Nxd5 10. Nxd5 Bxd5 11. b3 c5 12. Bb2 Re8 13. e4 Bb7 14. Rb1 cxd4
15. Bxd4 e5 16. Ba1 Qe7 17. Bb5 Red8 18. Qe2 Nc5 19. Nd2 a6 20. Bc4 b5 21. Bd5
Bxd5 22. exd5 Rxd5 23. Ne4 Nxe4 24. Qxe4 Rad8 25. h3 f5 26. Qe3 Rd3 27. Qc1 e4
28. Bxg7 Kxg7 29. Qb2+ Qf6 30. Qxf6+ Kxf6 31. a4 b4 32. Kf1 a5 33. Rb2 Rc8 34.
Re3 Rcc3 35. Ke2 Ke5 36. g3 Kd4 37. Rxd3+ 0-1

[Event "Niedersachsen-ch B"]
[Site "Verden"]
[Date "2010.01.03"]
[Round "2.65"]
[White "Guenther, Alexander"]
[Black "Marach, Jonas"]
[Result "1-0"]
[WhiteElo "1114"]
[BlackElo "1400"]
[PlyCount "27"]
[EventDate "2010.01.??"]
[EventType "swiss"]
[EventRounds "7"]
[EventCountry "GER"]
[SourceDate "2005.10.24"]

1. e4 e5 2. f4 exf4 3. Nf3 Nc6 4. Bc4 Nf6 5. e5 Ng4 6. d4 d6 7. O-O dxe5 8. h3
Ne3 9. Bxe3 fxe3 10. Bxf7+ Kxf7 11. Nxe5+ Kg8 12. c3 Nxe5 13. Qb3+ Nf7 14.
Qxf7# 1-0

[Event "Niedersachsen-ch B"]
[Site "Verden"]
[Date "2010.01.03"]
[Round "2.66"]
[White "Menze, Gerold"]
[Black "Mai, Robin"]
[Result "0-1"]
[WhiteElo "1400"]
[BlackElo "1152"]
[PlyCount "90"]
[EventDate "2010.01.??"]
[EventType "swiss"]
[EventRounds "7"]
[EventCountry "GER"]
[SourceDate "2005.10.24"]

1. b4 e5 2. Bb2 f6 3. b5 b6 4. e3 d5 5. c4 Bb7 6. Nf3 Bb4 7. a3 Ba5 8. Be2 Ne7
9. O-O O-O 10. Bc3 Bxc3 11. Nxc3 a6 12. d4 Nd7 13. Qc2 axb5 14. cxb5 e4 15. Nd2
f5 16. f3 c6 17. a4 Qc7 18. Qb3 Rf6 19. fxe4 Rh6 20. h3 fxe4 21. Ndxe4 Kh8 22.
Nf2 Qg3 23. Ncd1 Rg6 24. Bf3 Rf8 25. Ng4 h5 26. Qa3 Rf7 27. e4 hxg4 28. Bxg4
Rxf1+ 29. Kxf1 Qxa3 30. Rxa3 Nf6 31. exd5 Nexd5 {Welcher Sxd5?} 32. Bf3 cxb5
33. axb5 Kh7 34. Ra7 Bc8 35. Be2 Kh6 36. Ra8 Bd7 37. Rh8+ Kg5 38. g3 Rh6 39.
h4+ Kg6 40. Rd8 Nc7 41. Nc3 Kf7 42. Rb8 Ng4 43. Bxg4 Rf6+ 44. Kg2 Bxg4 45. Rb7
Bf3+ {Letzter Zug unlesbar.} 0-1

[Event "Niedersachsen-ch B"]
[Site "Verden"]
[Date "2010.01.03"]
[Round "2.67"]
[White "Weis, Hans Juergen"]
[Black "Van den Berg, Adrianus"]
[Result "1-0"]
[WhiteElo "1371"]
[BlackElo "1122"]
[PlyCount "41"]
[EventDate "2010.01.??"]
[EventType "swiss"]
[EventRounds "7"]
[EventCountry "GER"]
[SourceDate "2005.10.24"]

1. d4 d5 2. c4 dxc4 3. e4 b5 4. Nc3 b4 5. Qa4+ c6 6. Qxb4 Qxd4 7. Be3 Na6 8.
Qa4 Qd6 9. Rd1 Qf6 10. e5 Qg6 11. Bxc4 Bb7 12. Bxa6 Bxa6 13. Qxa6 Rd8 14. Rxd8+
Kxd8 15. Bxa7 Qxg2 16. Bb6+ Kd7 17. Qb7+ Ke6 18. Qc8+ Kxe5 19. f4+ Kxf4 20.
Nge2+ Ke5 21. Bc7+ 1-0

[Event "Niedersachsen-ch B"]
[Site "Verden"]
[Date "2010.01.03"]
[Round "2.68"]
[White "Genath, Maren"]
[Black "Kaphle, Kerstin"]
[Result "1-0"]
[WhiteElo "1084"]
[BlackElo "1362"]
[PlyCount "85"]
[EventDate "2010.01.??"]
[EventType "swiss"]
[EventRounds "7"]
[EventCountry "GER"]
[SourceDate "2005.10.24"]

1. e4 e5 2. Nf3 Nc6 3. Bc4 Nf6 4. d3 d5 5. exd5 Nxd5 6. O-O Bd6 7. Bxd5 O-O 8.
Bg5 Be7 9. Bxe7 Nxe7 10. Bb3 Qd6 11. Re1 Ng6 12. d4 Rd8 13. c3 Be6 14. Bxe6
Qxe6 15. Nbd2 Rd5 16. Nb3 f6 17. Nc5 Qb6 18. Qb3 Qxb3 19. Nxb3 b6 20. Rad1 Rad8
21. c4 R5d6 22. d5 c6 23. c5 Rxd5 24. Rxd5 Rxd5 25. cxb6 axb6 26. Rc1 c5 27. g3
e4 28. Nfd2 f5 29. Nc4 b5 30. Ne3 Rd3 31. Nxc5 Rd4 32. Nxf5 Rb4 33. b3 e3 34.
f3 Ne5 35. Kg2 g6 36. Na6 Nd3 37. Rc8+ Kf7 38. Nxb4 Nxb4 39. Nxe3 Nxa2 40. Rc7+
Kg8 41. Nd5 h5 42. Rb7 b4 43. Nxb4 1-0

[Event "Niedersachsen-ch B"]
[Site "Verden"]
[Date "2010.01.03"]
[Round "2.69"]
[White "Wagner, Dario"]
[Black "Laubrock, Paul"]
[Result "0-1"]
[WhiteElo "1328"]
[BlackElo "1089"]
[PlyCount "136"]
[EventDate "2010.01.??"]
[EventType "swiss"]
[EventRounds "7"]
[EventCountry "GER"]
[SourceDate "2005.10.24"]

1. e4 d5 2. exd5 Qxd5 3. Nc3 Qa5 4. Bc4 Nf6 5. Nf3 Bg4 6. O-O Nc6 7. d3 Ne5 8.
Bf4 Nxf3+ 9. gxf3 Bh3 10. Re1 e6 11. Nb5 Rc8 12. Re5 Qb6 13. Be3 Qc6 14. Nxa7
Qd6 15. Bf4 Qd4 16. Nxc8 Qxf4 17. Qe2 Kd8 18. Na7 Bd6 19. Re1 Bxe5 20. Qxe5
Qxf3 21. Qg3 Qxg3+ 22. fxg3 Kd7 23. Nb5 c6 24. Nd4 Kd6 25. Nf3 Bg4 26. Ng5 Ke7
27. d4 Rd8 28. c3 h6 29. Ne4 Nxe4 30. Rxe4 Bf5 31. Re3 b5 32. Bb3 Kd6 33. Kf2
c5 34. dxc5+ Kxc5 35. Re5+ Kb6 36. Ke3 Rd3+ 37. Ke2 Rd6 38. c4 Bd3+ 39. Ke3
Bxc4 40. Bxc4 bxc4 41. a4 Rd3+ 42. Ke2 Rb3 43. Kd1 Rxb2 44. h4 Ra2 45. a5+ Rxa5
46. Re4 Rc5 47. Kc2 Kc6 48. Kc3 Kd6 49. Rd4+ Ke5 50. Rf4 f5 51. Rd4 Ra5 52.
Rxc4 Ra3+ 53. Kd2 Rxg3 54. Ke2 g5 55. hxg5 hxg5 56. Kf2 Rb3 57. Ke2 g4 58. Kf2
f4 59. Kg2 Rb2+ 60. Kf1 g3 61. Rc3 Kf5 62. Kg1 Kg4 63. Kf1 f3 64. Rc1 e5 65.
Re1 Kf4 66. Kg1 e4 67. Kh1 e3 68. Rg1 Rh2# 0-1

[Event "Niedersachsen-ch B"]
[Site "Verden"]
[Date "2010.01.03"]
[Round "2.70"]
[White "Gawollek, Hans"]
[Black "Grigorian, Satenik"]
[Result "1/2-1/2"]
[WhiteElo "1468"]
[BlackElo "1082"]
[PlyCount "96"]
[EventDate "2010.01.??"]
[EventType "swiss"]
[EventRounds "7"]
[EventCountry "GER"]
[SourceDate "2005.10.24"]

1. e4 e5 2. Nf3 Nc6 3. Bb5 Nge7 4. d4 exd4 5. Nxd4 a6 6. Nxc6 Nxc6 7. Bxc6 dxc6
8. Qxd8+ Kxd8 9. O-O Be7 10. Bf4 g5 11. Rd1+ Bd7 12. Bd2 h5 13. Nc3 h4 14. h3
Kc8 15. a3 f6 16. b4 b5 17. f3 f5 18. Re1 Bd8 19. Re2 g4 20. exf5 Bxf5 21. fxg4
Bxc2 22. Be1 Bd3 23. Rd2 Bc4 24. Ne4 Re8 25. Nc5 a5 26. Rf2 axb4 27. Bxb4 Kb8
28. Nd7+ Kb7 29. Nc5+ Kb6 30. Nd7+ Ka7 31. Bc5+ Ka6 32. Bb4 Be7 33. Ne5 Bf6 34.
Rxf6 Rxe5 35. Rxc6+ Kb7 36. Rf6 Rae8 37. Rf2 Re2 38. Rc1 Rxf2 39. Kxf2 Bd5 40.
Rc2 Re4 41. Rc5 Bc4 42. Rf5 Re2+ 43. Kg1 Re3 {(=)} 44. Rf3 Re5 45. Rf2 c5 46.
Bc3 Re3 47. Bb2 Re1+ 48. Kh2 Bd5 1/2-1/2

[Event "Niedersachsen-ch B"]
[Site "Verden"]
[Date "2010.01.03"]
[Round "2.71"]
[White "Cegielka, Michael"]
[Black "Worpenberg, Lukas"]
[Result "0-1"]
[WhiteElo "1065"]
[BlackElo "1306"]
[PlyCount "80"]
[EventDate "2010.01.??"]
[EventType "swiss"]
[EventRounds "7"]
[EventCountry "GER"]
[SourceDate "2005.10.24"]

1. e4 e5 2. Nf3 Nf6 3. Nc3 Bb4 4. Bc4 Nc6 5. Qe2 d6 6. h3 O-O 7. O-O Qe7 8. d3
Be6 9. Bb3 Bxc3 10. bxc3 Nd7 11. d4 exd4 12. cxd4 Na5 13. d5 Nxb3 14. axb3 Bxd5
15. Re1 Rfe8 16. Ra4 Nb6 17. Rd4 c5 18. Rd3 f5 19. c4 Bc6 20. e5 Nd7 21. Re3
Bxf3 22. Qxf3 Nxe5 23. Qxf5 Qf6 24. Qe4 Re7 25. f4 Nc6 26. Qd5+ Kh8 27. Rxe7
Nxe7 28. Qxb7 Re8 29. Qxa7 Qf8 30. g4 h6 31. h4 Kh7 32. g5 Nc8 33. Rxe8 Qxe8
34. Qa4 Qe1+ 35. Kg2 Qxc1 36. Qd7 Qd2+ 37. Kf3 Qd3+ 38. Kg4 Nb6 39. Qb5 h5+ 40.
Kxh5 Qf3# {Mit viel Raten die Rekonstruktion doch noch hinbekommen.} 0-1

[Event "Niedersachsen-ch B"]
[Site "Verden"]
[Date "2010.01.03"]
[Round "2.72"]
[White "Oberbacher, Michael"]
[Black "Stuppenhagen, Tim"]
[Result "1-0"]
[WhiteElo "1299"]
[BlackElo "1036"]
[PlyCount "103"]
[EventDate "2010.01.??"]
[EventType "swiss"]
[EventRounds "7"]
[EventCountry "GER"]
[SourceDate "2005.10.24"]

1. d4 d5 2. e4 dxe4 3. Nc3 Nf6 4. f3 exf3 5. Nxf3 Bf5 6. Ne5 e6 7. g4 Be4 8.
Nxe4 Nxe4 9. Qf3 Qh4+ 10. Ke2 f5 11. gxf5 Nc6 12. Nxc6 bxc6 13. fxe6 O-O-O 14.
Be3 Kb7 15. Bg2 Re8 16. Qxe4 Qxe4 17. Bxe4 Rxe6 18. Bf3 Kb8 19. Kd2 Bb4+ 20. c3
Rf8 21. Rhf1 Bd6 22. Rae1 Bf4 23. Bxf4 Rxe1 24. Bxc7+ Kxc7 25. Kxe1 g5 26. h3
Kd6 27. Ke2 Re8+ 28. Kd3 Rf8 29. Bg2 Rxf1 30. Bxf1 h5 31. b4 g4 32. hxg4 hxg4
33. Bg2 g3 34. Ke3 a6 35. Kf4 Ke6 36. Kxg3 Kd6 37. Kf4 Kc7 38. Bf1 Kb7 39. a4
Kb6 40. a5+ Kb7 41. Ke5 Ka7 42. Kd6 Kb7 43. Bxa6+ Kxa6 44. Kxc6 Ka7 45. Kc7 Ka6
46. c4 Ka7 47. d5 Ka6 48. d6 Ka7 49. d7 Ka6 50. d8=Q Ka7 51. Qb8+ Ka6 52. Qb6#
1-0

[Event "Niedersachsen-ch B"]
[Site "Verden"]
[Date "2010.01.03"]
[Round "2.73"]
[White "Wallat, Jessica"]
[Black "Sieber, Fiona"]
[Result "0-1"]
[WhiteElo "1026"]
[BlackElo "1285"]
[PlyCount "120"]
[EventDate "2010.01.??"]
[EventType "swiss"]
[EventRounds "7"]
[EventCountry "GER"]
[SourceDate "2005.10.24"]

1. c4 e5 2. Nc3 Nf6 3. g3 Be7 4. Bg2 O-O 5. d3 d6 6. Nf3 Be6 7. Bd2 Nbd7 8. O-O
c6 9. Qc2 Nb6 10. e4 Qd7 11. Rfe1 Bh3 12. Ng5 Bxg2 13. Kxg2 Nh5 14. Qd1 Nf6 15.
Nf3 Ne8 16. Bg5 Bxg5 17. Nxg5 f5 18. Nf3 f4 19. Qb3 Kh8 20. Rac1 Qf7 21. c5
Qxb3 22. axb3 Nd7 23. cxd6 Nxd6 24. Ra1 Rf6 25. d4 exd4 26. Nxd4 Ne5 27. Nce2
f3+ 28. Nxf3 Rxf3 29. Ra5 Nb5 30. Nc3 a6 31. Nxb5 cxb5 32. Rd1 Raf8 33. Rd2
Rxb3 34. Rc2 Nc4 35. Ra2 Rd8 36. Kh3 g6 37. Kg4 Kg7 38. Rc3 Rxc3 39. bxc3 Rd3
40. Rc2 h6 41. Rc1 Kf6 42. f4 a5 43. Rb1 Na3 44. Rb3 b4 45. e5+ Ke7 46. Rb2
Rxc3 47. h4 b3 48. h5 gxh5+ 49. Kxh5 a4 50. Rd2 Nc4 51. Rd1 b2 52. Rb1 Rc1 53.
Rxc1 bxc1=Q 54. Kxh6 Qh1+ 55. Kg5 a3 56. f5 Nxe5 57. f6+ Kf7 58. g4 Qe4 59. Kh5
Qxg4+ 60. Kh6 Qg6# 0-1

[Event "Niedersachsen-ch B"]
[Site "Verden"]
[Date "2010.01.03"]
[Round "2.74"]
[White "Mildner, Ramon"]
[Black "Gottlieb, Timo"]
[Result "1/2-1/2"]
[WhiteElo "919"]
[BlackElo "1257"]
[PlyCount "113"]
[EventDate "2010.01.??"]
[EventType "swiss"]
[EventRounds "7"]
[EventCountry "GER"]
[SourceDate "2005.10.24"]

1. e4 e5 2. Nf3 Nc6 3. Bc4 Bc5 4. Nc3 Nf6 5. d3 O-O 6. Be3 d6 7. Bg5 h6 8. Bh4
Be6 9. Nd5 Bxd5 10. Bxd5 Nb4 11. a3 Nbxd5 12. exd5 Re8 13. O-O Rc8 14. Nd2 Qe7
15. Ne4 g5 16. Nxg5 hxg5 17. Bxg5 Kg7 18. Qf3 Rg8 19. Qg3 Kf8 20. Qh4 Rg6 21.
Qh8+ Rg8 22. Qh6+ Ke8 23. Bxf6 Qf8 24. Qxf8+ Kxf8 25. Rfe1 Rg6 26. Bh4 f6 27.
c3 Kf7 28. a4 Rh8 29. Bg3 a6 30. b4 Ba7 31. Kf1 f5 32. f4 exf4 33. Bxf4 Rhg8
34. g3 Re8 35. Rxe8 Kxe8 36. Re1+ Kf7 37. Be3 Bxe3 38. Rxe3 Rf6 39. Rf3 Kg6 40.
h3 Kg5 41. Kg2 Rf7 42. h4+ Kg4 43. Rf4+ Kh5 44. g4+ Kxh4 45. Rxf5 Rxf5 46. gxf5
Kg5 47. Kf3 Kxf5 48. d4 b6 49. Ke3 Kg5 50. Kd3 Kf5 51. c4 Kf6 52. c5 Kf5 53. a5
b5 54. Ke3 Kf6 55. Kf4 Kg6 56. Kg4 Kf6 57. Kf4 1/2-1/2

[Event "Niedersachsen-ch B"]
[Site "Verden"]
[Date "2010.01.03"]
[Round "2.75"]
[White "Boehning, Kilian"]
[Black "Diederichs, Hannah"]
[Result "1-0"]
[WhiteElo "1247"]
[BlackElo "975"]
[PlyCount "53"]
[EventDate "2010.01.??"]
[EventType "swiss"]
[EventRounds "7"]
[EventCountry "GER"]
[SourceDate "2005.10.24"]

1. d4 e6 2. Nf3 d5 3. Bf4 c5 4. e3 Nc6 5. Bb5 Bd7 6. c3 Qb6 7. Qe2 a6 8. Bxc6
Bxc6 9. Ne5 Qc7 10. Ng6 fxg6 11. Bxc7 Nf6 12. f3 Be7 13. Nd2 O-O 14. Bb6 cxd4
15. exd4 Bb5 16. Qxe6+ Kh8 17. O-O-O Rg8 18. Qxe7 Rae8 {Welcher Te8?} 19. Qd6
Bc6 20. Rhe1 {Welcher Te1?} Rc8 21. Re7 Rcf8 {Welcher Tf8?} 22. Rde1 {
Welcher Te1?} g5 23. Nf1 g6 24. Rc7 Be8 25. Ree7 {Welcher Te7?} h6 26. Qxf6+
Rxf6 27. Rh7# {Und nach längerem Herumfummeln ergibt sich, daß die Partie so
verlaufen sein müßte. Unbedingt das Mitschreiben lernen!!} 1-0

[Event "Niedersachsen-ch B"]
[Site "Verden"]
[Date "2010.01.03"]
[Round "2.76"]
[White "Moeller, Hannah"]
[Black "Rosin, Julius"]
[Result "0-1"]
[WhiteElo "912"]
[BlackElo "1247"]
[PlyCount "112"]
[EventDate "2010.01.??"]
[EventType "swiss"]
[EventRounds "7"]
[EventCountry "GER"]
[SourceDate "2005.10.24"]

1. e4 e5 2. Nf3 Nc6 3. Bc4 Nf6 4. Ng5 d5 5. exd5 Na5 6. Bb5+ Bd7 7. Bxd7+ Qxd7
8. Nc3 Nxd5 9. Nxd5 Qxd5 10. Nf3 Bd6 11. d3 O-O 12. Nh4 e4 13. O-O exd3 14.
cxd3 Qe5 15. g3 Nc6 16. Qg4 Be7 17. Bh6 Bf6 18. Rab1 Qd4 19. Qxd4 Nxd4 20. Be3
Bxh4 21. Bxd4 Bg5 22. Bc5 Rfe8 23. Rbe1 b6 24. Rxe8+ Rxe8 25. Bb4 g6 26. Bc3 f5
27. h4 Bh6 28. Kg2 Bg7 29. Bxg7 Kxg7 30. Rc1 c5 31. Rc4 Re2 32. Kf3 Rxb2 33. a4
Rb4 34. Rxb4 cxb4 35. Ke2 Kf6 36. Kd2 Ke5 37. Ke3 b3 38. d4+ Kd5 39. Kd3 b2 40.
Kc2 Kxd4 41. Kxb2 Kc4 42. Ka3 a6 43. f3 b5 44. axb5 axb5 45. Kb2 Kb4 46. g4
fxg4 47. fxg4 h6 48. h5 g5 49. Kc1 Kc3 50. Kb1 b4 51. Kc1 b3 52. Kb1 b2 53. Ka2
Kc2 54. Ka3 b1=Q 55. Ka4 Qb6 56. Ka3 Qb3# 0-1

[Event "Niedersachsen-ch B"]
[Site "Verden"]
[Date "2010.01.03"]
[Round "2.77"]
[White "Asprion, Neal"]
[Black "Raetzke von Stoyentin, Steffen"]
[Result "0-1"]
[WhiteElo "772"]
[BlackElo "1240"]
[PlyCount "84"]
[EventDate "2010.01.??"]
[EventType "swiss"]
[EventRounds "7"]
[EventCountry "GER"]
[SourceDate "2005.10.24"]

1. e4 e5 2. Nf3 Nc6 3. Bb5 Nf6 4. d3 Bc5 5. h3 O-O 6. O-O d6 7. Bc4 a6 8. Nbd2
b5 9. Bb3 Be6 10. Ng5 Bxb3 11. axb3 Nd7 12. Ndf3 h6 13. c4 hxg5 14. Nxg5 Nf6
15. cxb5 axb5 16. Rxa8 Qxa8 17. Bd2 Nd4 18. Be3 Qa2 19. Bxd4 Bxd4 20. Qb1 Qxb2
21. Qxb2 Bxb2 22. Re1 Nh7 23. Nf3 Ra8 24. Re2 Bc3 25. Rc2 b4 26. Re2 Ra3 27.
Re3 Rxb3 28. Re2 Rb1+ 29. Kh2 b3 30. Nd2 Rb2 31. Nxb3 Rxe2 32. Nc1 Rxf2 33. Nb3
f5 34. exf5 Rxf5 35. Na5 Bxa5 36. d4 exd4 37. Kg3 Nf6 38. Kh2 Nh5 39. Kh1 Be1
40. Kh2 Bg3+ 41. Kg1 d3 42. Kh1 Rf1# 0-1

[Event "Niedersachsen-ch B"]
[Site "Verden"]
[Date "2010.01.03"]
[Round "2.78"]
[White "Oelfke, Nils Lukas"]
[Black "Aden, Keno"]
[Result "1-0"]
[WhiteElo "1240"]
[BlackElo "899"]
[PlyCount "57"]
[EventDate "2010.01.??"]
[EventType "swiss"]
[EventRounds "7"]
[EventCountry "GER"]
[SourceDate "2005.10.24"]

1. e4 c5 2. Nf3 Nc6 3. d4 cxd4 4. Nxd4 g6 5. Nc3 Bg7 6. Be3 Nf6 7. Bc4 O-O 8.
f3 d6 9. Qd2 Bd7 10. O-O-O Ne5 11. Bb3 Rc8 12. Kb1 e6 13. g4 d5 14. exd5 exd5
15. Ndb5 Nxf3 16. Qe2 Ne5 17. Bxd5 Qe7 18. g5 Nh5 19. Nxa7 Ra8 20. Bxb7 Rae8
21. Nd5 Qe6 22. Nc7 Qh3 23. Nxe8 Rxe8 24. Bg2 Qe6 25. Bd4 Qe7 26. Bxe5 Bxe5 27.
Bf3 Nf4 28. Qe3 Qxg5 29. Rxd7 1-0

[Event "Niedersachsen-ch B"]
[Site "Verden"]
[Date "2010.01.04"]
[Round "3.1"]
[White "Langenfeld, Olaf"]
[Black "Eschholz, Enno"]
[Result "1-0"]
[WhiteElo "1992"]
[BlackElo "2198"]
[PlyCount "31"]
[EventDate "2010.01.??"]
[EventType "swiss"]
[EventRounds "7"]
[EventCountry "GER"]
[SourceDate "2005.10.24"]

1. d4 Nf6 2. Nf3 e6 3. Nbd2 d5 4. e3 Bd6 5. Bd3 Nbd7 6. O-O e5 7. e4 O-O 8.
exd5 exd4 9. Nc4 Nb6 10. Nxb6 axb6 11. Nxd4 Nxd5 12. c3 Qh4 13. g3 Qf6 14. Qh5
Re8 15. Qxd5 Ra5 16. Qf3 1-0

[Event "Niedersachsen-ch B"]
[Site "Verden"]
[Date "2010.01.04"]
[Round "3.2"]
[White "Herrmann, Andreas"]
[Black "Schneider, Alexander2 (1942)"]
[Result "1-0"]
[WhiteElo "2171"]
[BlackElo "1953"]
[PlyCount "123"]
[EventDate "2010.01.??"]
[EventType "swiss"]
[EventRounds "7"]
[EventCountry "GER"]
[SourceDate "2005.10.24"]

1. d4 d5 2. Nf3 Nf6 3. c3 h6 4. Bf4 Nh5 5. Bc1 Nc6 6. Nbd2 a6 7. e4 dxe4 8.
Nxe4 Qd5 9. Ng3 Nxg3 10. hxg3 Bf5 11. Qb3 Qxb3 12. axb3 e6 13. Bf4 Bd6 14. b4
Bxf4 15. gxf4 O-O 16. Be2 Ne7 17. O-O Nd5 18. g3 Bg4 19. Rfe1 g6 20. Kg2 Kg7
21. Bc4 Nb6 22. Bb3 Bxf3+ 23. Kxf3 c6 24. g4 Rh8 25. f5 exf5 26. gxf5 Rae8 27.
Rg1 Kf6 28. fxg6 fxg6 29. Rae1 g5 30. Rh1 Kg6 31. Bc2+ Kg7 32. Kg3 Nd5 33. Be4
Nf4 34. c4 Re7 35. Bf3 Rhe8 36. Rxe7+ Rxe7 37. d5 cxd5 38. cxd5 Rd7 39. Rd1 Rd6
40. Rc1 Kf6 41. Rc7 b5 42. Rh7 Ke5 43. Re7+ Kd4 44. Re4+ Kd3 45. Re3+ Kd2 46.
Be4 Rd8 47. Ra3 Rd6 48. Kg4 Ke2 49. Kf5 Kxf2 50. Ke5 Rd8 51. Rxa6 Re8+ 52. Kf5
Nh5 53. Bd3 Rd8 54. d6 Ng7+ 55. Kf6 Ne8+ 56. Ke7 Rxd6 57. Rxd6 Nxd6 58. Kxd6 g4
59. Bxb5 g3 60. Bc6 h5 61. b5 h4 62. b6 1-0

[Event "Niedersachsen-ch B"]
[Site "Verden"]
[Date "2010.01.04"]
[Round "3.3"]
[White "Hagemann, Sven"]
[Black "Kaphle, Stephan"]
[Result "1/2-1/2"]
[WhiteElo "2019"]
[BlackElo "2175"]
[PlyCount "75"]
[EventDate "2010.01.??"]
[EventType "swiss"]
[EventRounds "7"]
[EventCountry "GER"]
[SourceDate "2005.10.24"]

1. e4 c5 2. Nf3 d6 3. d4 cxd4 4. Nxd4 Nf6 5. Nc3 a6 6. Bg5 e6 7. f4 h6 8. Bh4
Be7 9. Qf3 Qc7 10. O-O-O Nbd7 11. Qg3 Rg8 12. Be2 g5 13. fxg5 Ne5 14. Qe3 hxg5
15. Bg3 Bd7 16. Nf3 Nfg4 17. Qd2 O-O-O 18. h3 {(=)} Nxf3 19. gxf3 Ne5 20. Kb1
Bc6 21. Qe3 Kb8 22. h4 g4 23. f4 Nf3 24. Bxf3 gxf3 25. Qxf3 f5 26. Rhg1 Bf6 27.
Qe3 Bxc3 28. Qxc3 Bxe4 29. Qxc7+ Kxc7 30. Bf2 Kd7 31. Kc1 Rc8 32. c3 Bf3 33.
Rde1 Ke7 34. Rg5 Rxg5 35. hxg5 Rh8 36. Bg3 Rh3 37. Rg1 Bh5 38. Kd2 1/2-1/2